Modern Spanish prose and poetry /

সংরক্ষণ করুন:
গ্রন্থ-পঞ্জীর বিবরন
প্রধান লেখক: Andrian, Gustave W.
বিন্যাস: গ্রন্থ
ভাষা:English
প্রকাশিত: N.Y. : Macmillan, 1964.
বিষয়গুলি:
LEADER 00766nam a22002051 4500
001 c000355882
003 CARM
005 00000000000000.0
008 851029s1964 nyu 0 eng d
019 1 |a 4020610  |5 LACONCORD2021 
035 |a (OCoLC)216281130  |5 LACONCORD2021 
100 1 |a Andrian, Gustave W. 
245 1 0 |a Modern Spanish prose and poetry /  |c an introductory reader. Ed. by G.W.Andrian. 
260 |a N.Y. :  |b Macmillan,  |c 1964. 
650 0 |a Spanish language  |x Readers. 
650 0 |a Spanish literature. 
852 8 |b CARM  |h A1:AN10G0  |i B08572  |p 0411514  |f BK 
082 0 4 |a 860.8 
999 f f |i 798d20b1-b230-5eaa-bf4c-c69456dadc6d  |s 6d85b973-a112-5c7b-a038-1532b420a71f 
952 f f |p Can circulate  |a CAVAL  |b CAVAL  |c CAVAL  |d CARM 1 Store  |e B08572  |f A1:AN10G0  |h Other scheme  |i book  |m 0411514